Regula et constitutiones sacri, regalis, ac militaris ordinis B. Mariae de Mercede redemptionis captivorum

Detalles Bibliográficos
Autor principal: MEZQUIA, José (Fray)
Formato: Libro
Publicado: Madrid 1743
Materias:
Colección:Banco de datos
Acervo:Biblioteca Nacional de Antropología e Historia. Fondo Conventual
Tema general:Religiosos
Notas:Regular. XX,4,15. Ex libris manuscrito de José Sáenz
LEADER 00734nam a22001930004500
035 |a 13532 
036 |a 1078 
100 1 |a MEZQUIA, José (Fray) 
245 1 0 |a Regula et constitutiones sacri, regalis, ac militaris ordinis B. Mariae de Mercede redemptionis captivorum 
260 |a Madrid  |c 1743 
500 |a Regular. XX,4,15. Ex libris manuscrito de José Sáenz 
650 1 0 |a Religiosos 
949 |a B.N.A.H. 
959 |a Biblioteca Nacional de Antropología e Historia. Ciudad de México  |b CCC1 
960 |a Colección General de B.N.A.H. de la ciudad de México  |b DD58 
961 |a Varias Ordenes Religiosas  |b VO 
942 |c B.N.A.H. 
943 |g Biblioteca Nacional de Antropología e Historia. Fondo Conventual 
999 |c 1038064  |d 1038064